1115 1015 1309 1817 1997 1415 1002 1396 1176 1093 1077 1833 1159 1799 1622 1389 1143 1179 1507 1445 1196 1590 1963 1112 1488 1824 1277 1593 1090 1813 1227 1451 1606 1824 1626 1615 1128 1021 1191 1229 1340 1245 1709 1052 1230 1513 1066 1828 1594 1784 1919 1043 1604 1137 1198 1475 1419 1155 1559 1928 1072 1246 1404 1811 1725 1219 1994 1691 1326 1393 1195 1063 1590 1743 1427 1939 1110 1638 1260 1514 1043 1629 1995 1634 1147 1847 1897 1957 1129 1636 1370 1055 1761 1996 1142 1005 1242 1222 1954 BCNSPRNW ULIB Ver.6.0+V

เปลี่ยนเป็นภาษาไทย

Change to English
 แสดงรายละเอียดบรรณานุกรม
  กลับหน้าหลัก

Brief Record : Get Marc (ISO 2709) : E-mail record : QR code < ปิดหน้าต่าง
LEADER : 00000nam 2200000uu 4500
001    13399111734
003     ULIB
008    110707s2551||||th 000 0 tha d
020    9789743647680
050  4 DS568^bค127ว 2551
100 0  คณาจารย์มหาวิทยาลัยมหาจุฬาลงกรณราชวิทยาลัย
245 10 วัฒนธรรมไทย =^bThai culture /^cคณาจารย์มหาวิทยาลัยมหาจุฬาลงกรณราชวิทยาลัย ; บรรณาธิการ,ประกอบ มีโคตรกอง
246 31 Thai culture
250    พิมพ์ครั้งที่ 1
260    กรุงเทพฯ :^bมหาวิทยาลัยมหาจุฬาลงกรณราชวิทยาลัย,^c2551
300    (10), 276 หน้า :^bภาพประกอบ ;^c26 ซม.
650  4 ไทย^xความเป็นอยู่และประเพณี
650  4 วัฒนธรรมไทย
650  4 ศิลปวัฒนธรรม^zไทย
700 0  ประกอบ มีโคตรกอง,^eบรรณาธิการ
710 2  มหาวิทยาลัยมหาจุฬาลงกรณราชวิทยาลัย
945    ^p180^l0^i024679
995    ทศพร
999 ^a ใช้งานได้ทุกระบบ
รายการนี้ยังไม่มีแท็ก
คุณยังไม่ได้ล็อกอิน คุณสามารถมีกิจกรรมร่วมกับเว็บไซต์ได้ แต่ต้องล็อกอินก่อน ::
  ล็อกอิน

รายการสื่อสารสนเทศ

ลำดับที่ ประเภท เลขเรียก/บาร์โค้ด สถานที่ สถานะ
- ไม่พบข้อมูล -

รายการใกล้เคียง
    หัวเรื่อง [วัฒนธรรมไทย]

BibComment


ยังไม่เคยถูกคอมเมนท์

คอมเมนท์ทรัพยากรรายการนี้
  คอมเมนท์: วัฒนธรรมไทย Thai..


 Copyright 2026. Bcnsprnw @Library